000 02380nam0a2200397 i 4500
001 RU\NLR\BIBL_A\011174304
005 20241101114644.0
010 _a9785932716786
_9100
021 _aRU
_b2016-49905
_93200
035 _a(NILC)RuMoRGB-008526995
035 _a(NLR Aleph) 011174304
090 _a11783109
_c11783109
100 _a20160711d2016 km y0rusy50 ca
101 0 _arus
_aeng
102 _aRU
105 _ay z 100yy
200 1 _aПрограмма и тезисы 23-й Российской конференции по холодной трансмутации ядер химических элементов и шаровой молнии, Дагомыс, Сочи, Краснодарский край, 19-26 июня 2016 г.
_dProgram & abstracts of the 23-th Russian conference on cold nuclear transmutations of chemical elements and ball lightning, Dagomys, Sochi, Krasnodar region, June 19-26, 2016
_zeng
210 _aМосква
_cЭрзион
_d2016
215 _a42 с.
_d21
300 _aТекст парал. рус., англ.
300 _aВ надзаг.: Рос. физическое о-во, Ядер. о-во России, Рос. хим. о-во им. Д.И. Менделеева [и др.]
320 _aБиблиогр. в подстроч. примеч.
510 1 _6z01791
_aProgram & abstracts of the 23-th Russian conference on cold nuclear transmutations of chemical elements and ball lightning, Dagomys, Sochi, Krasnodar region, June 19-26, 2016
_zeng
606 _aМолния шаровая
_jТезисы докладов
_91617029
_3RU\NLR\AUTH\66713116
606 1 _aАтомное ядро
_jТезисы докладов
_xТрансмутация
_92115394
_3RU\NLR\AUTH\661278005
675 _a539.1
686 1 _aВ383.2я431(2)
686 1 _aД236.471.2я431(2)
710 1 2 _aРоссийская конференция по холодной трансмутации ядер химических элементов и шаровой молнии
_d23
_eСочи
_f2016
_9523804
_3RU\NLR\AUTH\880429704
791 1 2 _7ba
_8eng
_aRussian conference on cold nuclear transmutation of chemical elements and ball lightning
_d23
_eSochi
_f2016
_9523809
_3RU\NLR\AUTH\880429707
801 0 _aRU
_bРГБ
_c20160623
_gRCR
942 _cBOOK
980 _aNBR